| 000 | 00478nam a2200157Ia 4500 | ||
|---|---|---|---|
| 008 | 170221s9999 xx 000 0 und d | ||
| 100 | _aOlubunmi Philip Aborisade | ||
| 245 | _aNon-traditional Skills and Tactics and Modern Technology | ||
| 245 | _cOlubunmi Philip Aborisade | ||
| 260 | _bOnline Journal of Communication and Media Technologies | ||
| 260 | _c2012 | ||
| 300 | _a2 : 4 | ||
| 650 | _xCommunication | ||
| 650 | _xMedia Arts | ||
| 856 | _uhttp://www.ojcmt.net/ | ||
| 999 |
_c307317 _d307317 |
||